000 00844nam a22002057a 4500
999 _c64365
_d64365
005 20240530110728.0
008 180429s2006 ua a g b 000 0 ara d
017 _a2006/4/798
_bعمان . دار الكتب
040 _aEG-CaGPL
_cEG-CaGPL
082 0 4 _221
_a004.67 \
_bأ م
100 0 _aاسد الدين التميمى
245 1 0 _aمعجم مصطلحات الانترنت والحاسوب :
_bاول معجم شامل بكل مصطلحات الانترنت والحاسوب المتداولة فى العالم وتعريفها /
_cاسد الدين التميمى .
250 _aط.1
260 _aالقاهرة :
_b[ د.ن ]،
_c2006
300 _a688 ص. ؛
_c24 سم.
650 0 7 _2qrmak
_aالحاسبات الالكترونية
650 0 7 _2qrmak
_aالانترنت
_vمصطلحات
651 _2qrmak
942 _2ddc
_cBK